| 000 | 00421nam a22001697a 4500 | ||
|---|---|---|---|
| 003 | CEME | ||
| 005 | 20210628205703.0 | ||
| 008 | 210315b xxu||||| |||| 00| 0 eng d | ||
| 040 | _c. | ||
| 082 | _a891.4393 TAR | ||
| 100 |
_aSagar, Tariq Ismail Tariq Ismail Sagar _976307 |
||
| 245 | _aCommando | ||
| 260 |
_aLAHORE _bQUMI KUTAB KHANA _c1996 |
||
| 300 | _a520P | ||
| 650 |
_aURDU ADAB-NOVEL _920918 |
||
| 942 |
_cBK _2ddc |
||
| 999 |
_c582009 _d582009 |
||